Půlnoční kroniky. Odstín smrti /
Pokračování romantické fantasy série s hlavními postavami Roxy a Shawem.
Uloženo v:
| Série: | Půlnoční kroniky,
část 5 |
|---|---|
| Hlavní autor: | |
| Další autoři: | , |
| Médium: | E-kniha |
| Jazyk: | Czech |
| Vydáno: |
Praha :
Dobrovský s.r.o.,
2023
|
| Edice: | Red
|
| Témata: | |
| Příbuzné jednotky: | Přeloženo z:
Midnight chronicles Z cyklu:: Půlnoční kroniky |
| Tagy: |
Žádné tagy |
| LEADER | 02986nam a2200481 i 4500 | ||
|---|---|---|---|
| 001 | 312218 | ||
| 003 | CZ PrSKC | ||
| 005 | 20260601215718.0 | ||
| 007 | ta | ||
| 008 | 231215s2023 xr g 000 f cze | ||
| 015 | |a cnb003578666 | ||
| 020 | |a 9788027713592 |q (vázáno) | ||
| 035 | |a (OCoLC)1420606906 | ||
| 040 | |a ABG001 |b cze |e rda | ||
| 041 | 1 | |a cze |h ger | |
| 072 | 7 | |a 821.112.2-3 |x Německá próza, německy psaná |2 Konspekt | |
| 080 | |a 821.112.2-31 |2 MRF | ||
| 080 | |a (0:82-312.9) |2 MRF | ||
| 100 | 1 | |a Iosivoni, Bianca, |d 1986- |7 xx0252956 |4 aut | |
| 240 | 1 | 0 | |a Todeshauch. |l Česky |
| 245 | 1 | 0 | |a Půlnoční kroniky. |p Odstín smrti / |c Bianca Iosivoni, Laura Kneidl ; z německého originálu Midnight chronicles - Todeshauch přeložila Hana Chyzy |
| 246 | 3 | 0 | |a Odstín smrti |
| 264 | 1 | |a Praha : |b Dobrovský s.r.o., |c 2023 | |
| 300 | |a 355 stran ; |c 21 cm | ||
| 336 | |a text |b txt |2 rdacontent | ||
| 337 | |a bez média |b n |2 rdamedia | ||
| 338 | |a svazek |b nc |2 rdacarrier | ||
| 490 | 1 | |a Red | |
| 520 | 2 | |a Pokračování romantické fantasy série s hlavními postavami Roxy a Shawem. |b Roxy a Shaw se konečně přestali bránit svým vzájemným citům a sblížili se. Jenomže osud je opět rozdělí - a tentokrát se zdá, že už nadobro. Shaw se potýká se svou minulostí, o níž se nyní dozvěděl a kvůli níž ho trápí nepřekonatelný pocity viny. Musí přijít na to, kým vlastně je. Nakolik zůstal krutým čarodějnickým mistrem a nakolik se stal mužem téměř bez vzpomínek, který dosud několik měsíců bojoval po boku lovců. A během této těžké doby se snaží přijít na to, jak získat Roxy zpět. Jenomže, i kdyby se mu to podařilo, pořád na něj čeká prokletí posla smrti, které mu nedá spát. A jestli se Roxy nevrátí a nedokončí svůj úkol - poslat všechny uprchlé duše do podsvětí -, bude všemu definitivní konec. Roxy dala Shawovi před nějakým časem svým chybným rozhodnutím druhou šanci, otázkou však zůstává, zda ji Shaw využije a zda si ji vůbec zaslouží. Nakladatelská anotace. Kráceno. | |
| 655 | 7 | |a německé romány |7 fd132945 |2 czenas | |
| 655 | 7 | |a fantasy romány |7 fd184199 |2 czenas | |
| 655 | 9 | |a German fiction |2 eczenas | |
| 655 | 9 | |a fantasy novels |2 eczenas | |
| 700 | 1 | |a Kneidl, Laura, |d 1990- |7 xx0251449 |4 aut | |
| 700 | 1 | |a Chyzy, Hana |7 jo20231184327 |4 trl | |
| 765 | 0 | |t Midnight chronicles | |
| 787 | 0 | 8 | |i Z cyklu: |t Půlnoční kroniky |g 5 |
| 830 | 0 | |a Red | |
| 900 | |a ABA001 |b 21 | ||
| 044 | |a xr | ||
| 910 | |a RBIT002 | ||
| 998 | |d 394196 |a https://core.palmknihy.cz/api/books/394196/cover?s5z6tg |b https://core.palmknihy.cz/api/books/394196/cover/400?s5z6tg |c https://core.palmknihy.cz/api/books/394196/cover/50?s5z6tg |e 2028-04-01 |g 376 |i 9788027713592 |j https://core.palmknihy.cz/api/books/394196/preview.epub |k https://core.palmknihy.cz/api/books/394196/preview.pdf |l |q 49 |r 1 |s https://www.palmknihy.cz/kniha/394196 |t ebook |y 2023 |z 0 |v Půlnoční kroniky |w 5 | ||
| 999 | |d 312216 | ||